000 00368nam a22001337a 4500
008 230619b xxu||||| |||| 00| 0 eng d
020 _a0705615664
082 _a000.36
_bGAR
100 _cRoger Carter & Ann Gautier
245 _aWordprocssing Skills using Wordperfect
260 _aOxford London
_bBritish Library Cataloging
_c1994
300 _a341p
942 _2ddc
_cBK
999 _c1236
_d1236